Devil on the cross (Record no. 24999)
[ view plain ]
| 000 -LEADER | |
|---|---|
| fixed length control field | 00471nam a2200205Ia 4500 |
| 003 - CONTROL NUMBER IDENTIFIER | |
| control field | 0100 |
| 008 - FIXED-LENGTH DATA ELEMENTS--GENERAL INFORMATION | |
| fixed length control field | 130303s9999 xx 000 0 und d |
| 020 ## - INTERNATIONAL STANDARD BOOK NUMBER | |
| International Standard Book Number | 0949932469 |
| 040 ## - CATALOGING SOURCE | |
| Transcribing agency | ARRUPELIB |
| 050 ## - LIBRARY OF CONGRESS CALL NUMBER | |
| Classification number | PR9381.9.N4D4 1983 |
| 300 ## - PHYSICAL DESCRIPTION | |
| Other physical details | 18cm. |
| 100 ## - MAIN ENTRY--PERSONAL NAME | |
| Personal name | Ng¹g¯ wa Thiong'o |
| 245 ## - TITLE STATEMENT | |
| Title | Devil on the cross |
| 260 ## - PUBLICATION, DISTRIBUTION, ETC. (IMPRINT) | |
| Place of publication, distribution, etc | Harare |
| 260 ## - PUBLICATION, DISTRIBUTION, ETC. (IMPRINT) | |
| Name of publisher, distributor, etc | Zimbabwe Publishing House |
| 260 ## - PUBLICATION, DISTRIBUTION, ETC. (IMPRINT) | |
| -- | 1983 |
| 300 ## - PHYSICAL DESCRIPTION | |
| Extent | 254p. |
| 440 ## - SERIES STATEMENT/ADDED ENTRY--TITLE | |
| Title | ZPH Writers Series |
| 942 00 - ADDED ENTRY ELEMENTS (KOHA) | |
| Koha issues (borrowed), all copies | 2 |
| Withdrawn status | Lost status | Source of classification or shelving scheme | Damaged status | Not for loan | Collection code | Home library | Current library | Shelving location | Date acquired | Total Checkouts | Full call number | Barcode | Date last seen | Date checked out | Copy number | Price effective from | Koha item type |
|---|---|---|---|---|---|---|---|---|---|---|---|---|---|---|---|---|---|
| Library of Congress Classification | Main Collection | ARRUPE LIBRARY | ARRUPE LIBRARY | 04/03/2013 | 4 | PR9381.9.N4D4 1983 | 46003062750 | 07/01/2016 | 29/12/2015 | 1 | 04/03/2013 | Monograph ( Printed materials) |